000 01418cam a2200397 i 4500
999 _c1702
_d1702
001 (Sirsi) a1203670
003 OSt
005 20230120110715.0
008 210728t20202020nyua b 000 j eng d
020 _a9780062868503
_q(paperback)
040 _aJEN
_beng
_cTAE
_erda
_dKH8
042 _anbic
082 0 _a813.6 DEA
100 1 _aDean, Kim,
_d1969-
_eauthor.
245 1 0 _aPete the cat.
_pSuper Pete /
_cby Kimberly & James Dean.
246 3 0 _aSuper Pete.
250 _aFirst Edition.
264 1 _aNew York, NY :
_bHarper, an imprint of HarperCollinsPublishers,
_c[2020]
264 4 _c©2020.
300 _a32 pages :
_bcolor illustrations ;
_c24 cm.
336 _atext
_btxt
_2rdacontent.
336 _astill image
_bsti
_2rdacontent.
337 _aunmediated
_bn
_2rdamedia.
338 _avolume
_bnc
_2rdacarrier.
490 1 _aPete the cat.
490 1 _aI can read! 1, beginning reading.
520 _aDonning a cape and sneakers, Pete the Cat assumes his groovy alter ego, Super Pete, and takes down bad guys using crimefighting gadgets from his secret underground lair.
521 1 _aAges 4-8.
600 0 0 _aPete,
_cthe Cat (Fictitious character)
_vJuvenile fiction.
650 0 _aCats
_vJuvenile fiction.
650 0 _aSuperheroes
_vJuvenile fiction.
700 1 _aDean, James,
_d1957-
_eauthor,
_eillustrator.
830 0 _aPete the cat.
830 0 _aI can read book.
942 _2ddc
_cNFIC